=LDR 00000nam 2200000 4500 =001 INLIS000000000001883 =005 20130612090250 =008 ***********************************Ind** =035 ##$$0010-061300000001883 =041 ##$$a Ind =082 ##$$a 613.95 =090 ##$$a 613.95, Tuk m =100 ##$$a Tukan,Johan Suban =260 ##$$aaMetoda pendidikan seks,perkawinan,dan keluarga, Johan Suban Tukan =300 ##$$a 1993 $b Jakarta =650 ##$$a 140 hlm, ilus. 2 cm =850 ##$$a Pendidikan Seks